LEADER 02230nam a2200349 u 4500 001 000000019222 003 CaOOAMICUS 005 20070226110749.0 008 950120s1994 it ahf u000 u mul u 020 $a8879884336 035 $a10461408 040 $aPUL$bita 110 2 $aSocietā internazionale di studi francescani.$bConvegno internazionale$n(21 :$d1993 :$cAssisi).$0(OLS)http://pul/name/16902 245 10$aFrate Francesco d'Assisi :$batti del XXI convegno internazionale, Assisi, 14-16 ottobre 1993 /$cSocietā internazionale di studi francescani, Centro interuniversitario di studi francescani. 260 $aSpoleto :$bCentro italiano di studi sull'alto Medioevo,$c1994. 300 $a302 p., 4 p. de pl. :$bill., fac-sim. ;$c24 cm 490 1 $aAtti dei convegni della Societā internazionale di studi francescani e del Centro interuniversitario di studi francescani.$aNuova serie ;$v4 500 $aIndex: p. [293]-302. 500 $aAt head of title: Societā Internazionale di Studi Francescani. Centro Interuniversitario di Studi Francescani. 504 $aBibliographie en note. 600 04$aFranciscus Assisiensis,$cs.,$d1182-1226$vCongressi.$0(OLS)http://pul/subject/973 710 2 $aCentro italiano di studi sull'alto Medioevo.$0(OLS)http://pul/name/3012 710 2 $aCentro interuniversitario di studi francescani.$bConvegno internazionale$n(21 :$d1993 :$cAssisi).$0(OLS)http://pul/name/16903 830 0$aAtti dei convegni della Societā internazionale di studi francescani e del Centro interuniversitario di studi francescani.$pNuova serie ;$v4.$0(OLS)http://pul/title/8491 850 $aPUL 852 $aPUL$W1$xDP2 Religione 3$y114$m255 SISF 1.4$j175988$nBK-PRI$b $qDDC 21$B27066$CPULBib$Z2$F27066 $H85501 $81 910 $aFondazione Centro italiano di studi sull'alto Medioevo$93012 941 1 $a9 961 $aPrecedente collocazione: Teo 159 4 996 $6020$a8879884336$9(OLS)http://pul/number/24547 996 $6245$aFrate Francesco d'Assisi :$batti del XXI convegno internazionale, Assisi, 14-16 ottobre 1993$9(OLS)http://pul/title/27227 996 $6260$aSpoleto :$bCentro italiano di studi sull'alto Medioevo$9(OLS)http://pul/publisher/48572 LEADER 01433nam a2200301 u 4500 001 000000051238 003 CaOOAMICUS 005 20070226115320.0 008 000912m19701972enk u000 u eng u 035 $a10855247 040 $aPUL(R)$bita 100 1 $aHallett Carr, Edward.$0(OLS)http://pul/name/33401 245 12$aA history of a Soviet Russia :$bsocialism in one country 1924-1926 /$cEdward Hallett Carr. 260 $aLondon :$bPenguin Books,$c1970-1972. 300 $a3 v. ;$c18 cm 504 $aBibliografia in nota. 650 4$aSocialismo.$0(OLS)http://pul/subject/3492 651 4$aUnione Sovietica$xStoria.$0(OLS)http://pul/subject/6717 850 $aPUL 852 $aPUL$W1$xDP1 Fondo Ciprotti$y59$m1538 A 2-4$j67885$nBK-PRI$b $qFondi$B67885$CPULBib$Z2$F67885 $H $81 852 $aPUL$W1$xDP1 Fondo Ciprotti$y59$m1538 A 2-4$j67885$nBK-PRI$b $qFondi$B67886$CPULBib$Z2$F67886 $H $81 852 $aPUL$W1$xDP1 Fondo Ciprotti$y59$m1538 A 2-4$j67885$nBK-PRI$b $qFondi$B67887$CPULBib$Z2$F67887 $H $81 941 1 $a1 961 $aINV: Fondo Ciprotti 961 $aINV: Fondo Ciprotti 961 $aINV: Fondo Ciprotti 996 $6245$aA history of a Soviet Russia :$bsocialism in one country 1924-1926$9(OLS)http://pul/title/68875 996 $6260$aLondon :$bPenguin Books$9(OLS)http://pul/publisher/65876